• 首页
  • 本馆介绍
  • 公告通知
  • 最新文献
  • 馆藏检索
  • 电子资源
  • 读者导购
  • 参考咨询
  • 我的图书馆
  • 登录
  • 详细信息显示
  • 放入我的书架
  • 预约/预借图书
  • 作者相关作品
  • 分类相关作品
  • 丛书相关作品
  • 出版社相关作品

书目信息

  • 表格格式
  • 工作单格式
  • 卡片格式
题名:
历年真题精解
    
 
作者: 李永新 主编
分册:  
出版信息: 北京   人民日报出版社  2007
页数: 342页
开本: 25cm
丛书名:
单 册:
中图分类: D630.3-44
科图分类:
主题词: 政治--中国
电子资源:
ISBN: 7-80208-540-3
000 00682nam0 2200229 450
001 0835794492
005 20081016095846.01
010    @a7-80208-540-3@dCNY30.00
100    @a20081016d2007 km y0chiy0120 ea
101 0  @achi
102    @aCN@b110000
200 1  @a历年真题精解@Ali nian zhen ti jing jie@e申论@f李永新主编@Fli yong xin zhu bian
210    @a北京@c人民日报出版社@d2007
215    @a342页@d25cm
300    @a国家公务员录用考试专业教材
301    @a2009最新版
517 1  @a申论@Ashen lun
606 0  @a政治@x中国
690    @aD630.3-44@v4
701  0 @a李永新@Ali yong xin@4主编
801  0 @aCN@b大连网信软件有限公司图书馆·11@c20081016
905    @aZUCC@dD630.3-44@e137
    
    历年真题精解:申论/李永新主编.-北京:人民日报出版社,2007
    342页;25cm
    国家公务员录用考试专业教材
    
    ISBN 7-80208-540-3:CNY30.00
    
●
相关链接 在E读中查询图书 在五车中查询图书 在当当中查询图书 在豆瓣中查询图书


正题名:历年真题精解     索取号:D630.3-44/137         预约/预借

序号 登录号 条形码 馆藏地/架位号 状态 备注
1 0626708   206267083   第一样本阅览室/ [索取号:D630.3-44/137] 在馆    
2 0626709   206267092   第一借阅区/ [索取号:D630.3-44/137] 在馆    
3 0626710   206267109   第一借阅区/ [索取号:D630.3-44/137] 在馆    
4 0626711   206267118   第一借阅区/ [索取号:D630.3-44/137] 在馆    
唐山师范学院图书馆 欢迎您!
大连网信软件有限公司© 版权所有